00559 2200217 4500001002100000005001500021035002000036007000300056008004100059020002200100082001100122084001700133100003700150245005400187250001000241260002800251300002300279650001900302990000900321990001100330INLIS00000000000017920170913083614 a0010-0917000165ta170913 0 ind  a978-979-039-341-7 a297.14 a297.14 AS- s0 aAs-Saidi, Jabir Bin Abdul Qoyyum1 aSunnah-Sunnah Hari Jumat /cSyaikh Jabir As-Saidi aCet.1 aSolo :bIstanbul,c2015 a200 hlm ;c20,5 cm aIbadah (Islam) a5638 a5638 A